El enigma de las pirámides /

Guardado en:
Autor Corporativo: TVQ.
Formato: Deslizar
Materias:
Etiquetas: Agregar Etiqueta
Sin Etiquetas, Sea el primero en etiquetar este registro!
LEADER 00847ngm a22002295g 4500
001 CEM.cems022056
008 130507b1994##################0###0#####d
005 20241001152707.0
245 1 0 |a El enigma de las pirámides /  |c TVQ. 
300 |a 20'. 
500 |a En soporte VHS, consultar en ventanilla. 
505 0 |a Motivaciones para su creación. Exactitud matemática. Características exteriores. Cámara funeraria. Valle de los reyes y valle de las reinas. La momificación. Rito funerario. 
538 |a Soporte: VHS - Norma: Pal N - Color - Grabación DRD 1994 - Hitachi=5165 
110 2 |a TVQ. 
082 9 3 |/ DEP 
653 |a HISTORIA 
653 |a EGIPTO 
653 |a PIRAMIDES 
653 |a RITO FUNERARIO 
653 |a MOMIFICACION 
653 |a NIVEL SECUNDARIO 
859 |a CEMS  |b BIB. CEMS - Depto. Recursos Didacticos  |h 932  |i DEP  |k DRD  |p 699.12  |t Ej.1